000 01570nam a22004215 4500
001 BK0030892110
005 20250313154317.0
008 241113s2025 nyua c 000 1 eng
010 _a2024025828
020 _a9781250899835
020 _a1250899834
037 _bHenry Holt & Co, C/O Mps 175 Fifth Ave, New York, NY, USA, 10010, (646)3075339
_nSAN 631-5011
040 _beng
_erda
041 0 _aeng
050 0 0 _aPZ7.7.M3343
082 _aFIC
092 _aJ
100 1 _aMandanna, Sangu,
_96422300
_eauthor.
245 1 0 _aVanya and the Wild Hunt /
_cSangu Mandanna.
246 3 0 _aWild Hunt.
250 _aFirst edition.
264 1 _aNew York :
_bRoaring Brook Press,
_c2025.
300 _a277 pages :
_billlustrations ;
_c22 cm
336 _atext
337 _aunmediated
338 _avolume
520 _aEleven-year-old British Indian Vanya is whisked away to a magical school where she trains to become a monster hunter and learns to embrace her wonderful neurodivergent self.
521 1 _aAges 8-12.
_bRoaring Brook Press.
521 2 _aGrades 4-6.
_bRoaring Brook Press.
650 0 _aSchools
_vJuvenile fiction.
650 0 _aMagic
_vJuvenile fiction.
_95673690
650 0 _aWild huntsman (Tale)
_vJuvenile fiction.
_96456912
650 0 _aMonsters
_vJuvenile fiction.
_95674163
650 0 _aNeurodivergent people
_vFiction.
_96496207
650 0 _aAttention-deficit hyperactivity disorder
_vJuvenile fiction.
_96372216
655 7 _aFantasy fiction
_2lcgft.
942 _2ddc
_cBOOK
999 _c403663
_d403663